书目信息 |
| 题名: |
数理统计
|
|
| 作者: | 赵选民 编 | |
| 分册: | ||
| 出版信息: | 北京 科学出版社 2006.06 |
|
| 页数: | 358页 | |
| 开本: | 24cm | |
| 丛书名: | 研究生数学教学系列 | |
| 单 册: | ||
| 中图分类: | O212 | |
| 科图分类: | ||
| 主题词: | 数理统计 | |
| 电子资源: | ||
| ISBN: | 7-03-010493-5 | |
| 000 | 00595 nam 000229 | |
| 001 | 0100001715 | |
| 005 | 20070901100347.93 | |
| 010 | @a7-03-010493-5@dCNY26.00 | |
| 100 | @a20070805d2006 em y0chiy0121 ea | |
| 101 | @achi | |
| 102 | @aCN@b110000 | |
| 105 | @ay z 000yy | |
| 200 | 10 | @a数理统计@9shu li tong ji@f赵选民编@Fzhao xuan min bian |
| 210 | @a北京@c科学出版社@d2006.06 | |
| 215 | @a358页@d24cm | |
| 225 | @a研究生数学教学系列 | |
| 606 | @a数理统计 | |
| 690 | @aO212@v4 | |
| 701 | 0 | @a赵选民@9zhao xuan min@4编 |
| 801 | @aCN@c20070901 | |
| 901 | @a000003 | |
| 905 | @dO212@eZ334 | |
| 数理统计/赵选民编.-北京:科学出版社,2006.06 |
| 358页;24cm.-(研究生数学教学系列) |
| ISBN 7-03-010493-5:CNY26.00 |
| ● |
| 相关链接 |
|
|
|
正题名:数理统计
索取号:O212/Z334
 
预约/预借
| 序号 | 登录号 | 条形码 | 馆藏地/架位号 | 状态 | 备注 |
| 1 | 643569 | 206435696 | 数理学院资料室/ [索取号:O212/Z334] | 在馆 | |
| 2 | 643570 | 206435703 | 数理学院资料室/ [索取号:O212/Z334] | 在馆 | |
| 3 | 643571 | 206435712 | 自科库401/401自科库 77排1列4层/ [索取号:O212/Z334] | 在馆 |